000 00743nam a2200277Ia 4500
001 25764
005 20240114000857.0
007 ta
008 060428s1999 g b000 u 465 u
040 _aCotton College,Assam
041 _a465
082 _a547
_bSh 11 Pr
100 _aSharma, K.K. .
245 0 _aProblems in Organic Chemistry /
_cK.K.Sharma & D.S.Sharma.
_hTextual Documents
250 _a2nd ed. /
260 _aNew Delhi :
_bVikas Publishing House Pvt. Ltd. ,
_c1999.
300 _a510p. ;
_c22cm.
653 _aOrganic Chemistry
653 _aChemistry-Organic
653 _aG-Chemistry
700 _aSharma, D.S. .
942 _2ddc
_cBK
999 _c25746
_d25746